Najmniej religijne państwa UE - Statystyki

Ogólne statystyki
  • Ten quiz został rozwiązany 1 019 razy
  • Średni wynik to 6 z 10
Statystyki odpowiedzi
% Niezbyt religijny kraj % Poprawnych
18 Szwecja
79%
16 Czechy
75%
27 Francja
70%
33 Finlandia
68%
28 Holandia
65%
37 Belgia
64%
28 Dania
59%
18 Estonia
58%
32 Słowenia
29%
36 Bułgaria
22%
Nie znaleziono quizów pasujących do podanych kryteriów
Rozkład punktacji
Procent ludzi z każdym wynikiem
Percentyl według liczby udzielonych odpowiedzi
Twoja historia wyników
Nie rozwiązałeś tego quizu